|
|
|
|
| LEADER |
00000cam a22000004a 4500 |
| 001 |
musev2_2573 |
| 003 |
MdBmJHUP |
| 005 |
20230905040335.0 |
| 006 |
m o d |
| 007 |
cr||||||||nn|n |
| 008 |
110524s2011 kyu o 00 0 eng d |
| 010 |
|
|
|z 2011019756
|
| 020 |
|
|
|a 9780813134116
|
| 020 |
|
|
|z 9780813140377
|
| 020 |
|
|
|z 9780813134109
|
| 035 |
|
|
|a (OCoLC)859671096
|
| 040 |
|
|
|a MdBmJHUP
|c MdBmJHUP
|
| 043 |
|
|
|a n-us-ky
|a n-us---
|
| 050 |
0 |
4 |
|a E340.C6
|b A67 2011
|
| 082 |
0 |
|
|a 328.092
|a B
|2 23
|
| 100 |
1 |
|
|a Apple, Lindsey.
|
| 245 |
1 |
4 |
|a The Family Legacy of Henry Clay :
|b In the Shadow of a Kentucky Patriarch /
|c Lindsey Apple.
|
| 264 |
|
1 |
|a Lexington, Ky. :
|b University Press of Kentucky,
|c 2011.
|
| 264 |
|
3 |
|a Baltimore, Md. :
|b Project MUSE,
|c 2012
|
| 264 |
|
4 |
|c ©2011.
|
| 300 |
|
|
|a 1 online resource (364 pages):
|b ill. ;
|
| 336 |
|
|
|a text
|b txt
|2 rdacontent
|
| 337 |
|
|
|a computer
|b c
|2 rdamedia
|
| 338 |
|
|
|a online resource
|b cr
|2 rdacarrier
|
| 504 |
|
|
|a Includes bibliographical references (p. [303]-314) and index.
|
| 505 |
0 |
|
|a Cast of Characters -- Clay Family Trees -- Marriage -- Parenting -- Building Legacies -- A Deep Acquaintance with Grief -- Going It Alone -- Civil War, Family Struggles -- A New Image -- Legacy of Family -- Legacy of Risk -- Legacy of Service.
|
| 588 |
|
|
|a Description based on print version record.
|
| 600 |
1 |
0 |
|a Clay, Henry,
|d 1777-1852
|x Influence.
|
| 600 |
3 |
0 |
|a Clay family.
|
| 600 |
1 |
0 |
|a Clay, Henry,
|d 1777-1852
|x Family.
|
| 600 |
1 |
0 |
|a Clay, Henry,
|d 1777-1852.
|
| 651 |
|
0 |
|a Kentucky
|v Biography.
|
| 650 |
|
0 |
|a Legislators
|z United States
|v Biography.
|
| 650 |
|
0 |
|a Statesmen
|z United States
|v Biography.
|
| 610 |
1 |
0 |
|a United States.
|b Congress.
|b Senate
|v Biography.
|
| 655 |
|
7 |
|a Electronic books.
|2 local
|
| 710 |
2 |
|
|a Project Muse.
|e distributor
|
| 830 |
|
0 |
|a Book collections on Project MUSE.
|
| 856 |
4 |
0 |
|z Texto completo
|u https://projectmuse.uam.elogim.com/book/2573/
|
| 945 |
|
|
|a Project MUSE - Custom Collection
|
| 945 |
|
|
|a Project MUSE - 2011 US Regional Studies, South
|
| 945 |
|
|
|a Project MUSE - 2011 Complete
|